[Event "Chigorin Memorial"]
[Site "St Petersburg RUS"]
[Date "2012.11.01"]
[Round "6.169"]
[White "Demura, Anna"]
[Black "Fokin, Anatoly"]
[Result "0-1"]
[WhiteElo "1652"]
[BlackElo "1793"]
[WhiteFideId "24167142"]
[BlackFideId "24124451"]
[EventDate "2012.10.27"]

1. e4 d5 2. exd5 Nf6 3. d4 Nxd5 4. Nc3 g6 5. Nf3 Bg7 6. h3 Nxc3 7. bxc3 O-O 8.
Bd3 c5 9. Be3 Nc6 10. Be2 Qc7 11. Bb5 cxd4 12. Nxd4 Nxd4 13. Bxd4 Rd8 14. Qb1 e5
15. Be3 Qxc3+ 16. Ke2 a6 17. Bd3 e4 18. Bxe4 Qxa1 19. Qxa1 Bxa1 20. Rxa1 Re8 21.
Bd3 b5 22. Rb1 Rb8 23. a3 Be6 24. Kf3 Bd5+ 25. Kg3 Bc4 26. Bxc4 bxc4 27. Rc1 Kg7
28. Bd4+ f6 29. Kf3 Kf7 30. Bc5 Rb5 31. Bb4 Rf5+ 32. Kg3 h5 33. f3 Re2 34. h4 a5
35. Be1 a4 36. Kh3 Rd5 37. Kh2 Re3 38. Ra1 c3 39. Kg1 f5 40. Kf2 Rde5 41. Kf1
Re6 42. Rb1 f4 43. Rb7+ Ke8 44. Rb1 Kd7 45. Rd1+ Kc6 46. Rb1 R6e5 47. Bf2 Re2
48. Rc1 Kd5 49. Be1 Kc4 50. Bf2 Rd2 51. Be1 Rdd5 52. g3 fxg3 53. Bxg3 Rf5 54.
Ke2 Rb5 55. Bd6 Rb6 56. Bc7 Re6+ 57. Kf2 Ra5 58. Bf4 Rb5 59. Bh6 Rb2 60. Bf8 Rf6
61. Be7 Rf7 62. Bd6 Rd7 63. Bb4 Rd2+ 64. Ke3 Rbxc2 65. Rb1 Re2+ 66. Kf4 Rb2 67.
Rc1 c2 68. Kg5 Rg2+ 69. Kf4 Rb1 0-1

[Event "Chigorin Memorial"]
[Site "St Petersburg RUS"]
[Date "2012.11.01"]
[Round "6.170"]
[White "Gantsevich, Aleksey A."]
[Black "Rybakova, Polina"]
[Result "1/2-1/2"]
[WhiteElo "1626"]
[BlackElo "1787"]
[WhiteFideId "24195863"]
[BlackFideId "24178829"]
[EventDate "2012.10.27"]

1. d4 Nf6 2. c4 g6 3. Nc3 Bg7 4. e4 d6 5. Be2 O-O 6. Bg5 c6 7. Qd2 a6 8. O-O-O
b5 9. e5 b4 10. exf6 bxc3 11. Qxc3 exf6 12. Bf4 d5 13. Qg3 Bf5 14. Nf3 Qa5 15.
Nh4 Be6 16. Qb3 Qd8 17. Be3 Nd7 18. Qc3 Qc7 19. f4 dxc4 20. g4 Nb6 21. Bf3 Bd5
22. Qa5 Rfc8 23. Bxd5 cxd5 24. Bd2 f5 25. gxf5 Bxd4 26. fxg6 fxg6 27. f5 Qg7 28.
Bc3 Bxc3 29. Qxb6 Qh6+ 30. Kb1 Qxh4 31. Qe6+ Kh8 32. bxc3 Qe4+ 33. Qxe4 dxe4 34.
fxg6 hxg6 35. Rhe1 Re8 36. Rd4 Rab8+ 37. Kc2 Rbc8 38. Rdxe4 Rxe4 39. Rxe4 Rc6
40. h4 Kg7 41. Kd2 Kf6 42. Ke3 Kf5 43. Rf4+ Ke5 44. Re4+ Kd5 45. Rd4+ Kc5 46.
Kf4 Rf6+ 47. Ke3 Rf5 48. Rf4 Re5+ 49. Re4 Rh5 50. Rg4 1/2-1/2

[Event "Chigorin Memorial"]
[Site "St Petersburg RUS"]
[Date "2012.11.01"]
[Round "6.171"]
[White "Panov, Konstantin"]
[Black "Tarakanova, Valeria"]
[Result "0-1"]
[WhiteElo "1607"]
[BlackElo "1778"]
[WhiteFideId "34115223"]
[BlackFideId "24179205"]
[EventDate "2012.10.27"]

1. e4 e5 2. Nf3 Nc6 3. Bb5 a6 4. Ba4 Nf6 5. O-O Be7 6. Re1 b5 7. Bb3 O-O 8. c3
d5 9. exd5 Nxd5 10. Nxe5 Nxe5 11. Rxe5 Nf6 12. d4 Bd6 13. Re1 Ng4 14. g3 Nxh2
15. Bd5 Bxg3 16. fxg3 Bg4 17. Qb3 c6 18. Bg2 Nf3+ 19. Bxf3 Bxf3 20. Bf4 Qf6 21.
Nd2 Bd5 22. Qc2 Rae8 23. Qd3 g5 24. Be5 Qh6 25. Nf3 Qh5 26. Kf2 f5 27. Rh1 Qg6
28. Qd2 h6 29. Rhg1 Qh5 30. Qe2 Qg6 31. Qd1 Rd8 32. b4 Qf7 33. a4 Rfe8 34. a5
Bc4 35. Rh1 Qg6 36. Qd2 Bd5 37. Rh2 Bxf3 38. Kxf3 Rxe5 39. Qa2+ Red5 40. Rah1 f4
41. Qe2 g4+ 42. Kf2 Re8 43. Qd2 h5 44. Re1 Rxe1 45. Qxe1 Rf5 46. Qe2 fxg3+ 47.
Kxg3 Rf3+ 48. Kg2 Rxc3 49. Qa2+ Kg7 50. Qa1 Qe4+ 51. Kf1 Qf3+ 52. Rf2 Qh1+ 0-1

[Event "Chigorin Memorial"]
[Site "St Petersburg RUS"]
[Date "2012.11.01"]
[Round "6.172"]
[White "Petrochenko, Maria"]
[Black "Pankova, Julia"]
[Result "0-1"]
[WhiteElo "1716"]
[BlackElo "1528"]
[WhiteFideId "24161420"]
[BlackFideId "34103276"]
[EventDate "2012.10.27"]

1. d4 Nf6 2. c4 e6 3. Nf3 b6 4. g3 Bb7 5. Bg2 Be7 6. O-O O-O 7. Nc3 Ne4 8. Qc2
Nxc3 9. bxc3 d6 10. e4 Nd7 11. Rd1 Qc8 12. Bf4 Bf6 13. Bg5 h6 14. Bxf6 Nxf6 15.
e5 Nd7 16. Qe2 dxe5 17. Nxe5 Bxg2 18. Kxg2 Qb7+ 19. Qf3 Qxf3+ 20. Nxf3 Nf6 21.
Re1 Rfd8 22. Rad1 Rd6 23. Ne5 Rad8 24. Kf3 Nd7 25. Nxd7 R6xd7 26. Ke2 c5 27.
dxc5 Rxd1 28. Rxd1 Rxd1 29. Kxd1 bxc5 30. Kc2 Kf8 31. Kb3 Ke7 32. Ka4 Kd6 33.
Kb3 Ke5 34. f3 g5 35. h3 f5 36. Ka4 h5 37. Kb5 Kd6 38. Ka4 e5 39. Kb3 h4 40.
gxh4 gxh4 41. Kc2 e4 42. f4 Kc6 43. Kb2 Kb6 44. Kc2 Ka5 45. Kb3 e3 46. Kc2 Ka4
47. Kd3 Ka3 48. Kxe3 Kxa2 0-1

[Event "Chigorin Memorial"]
[Site "St Petersburg RUS"]
[Date "2012.11.02"]
[Round "7.5"]
[White "Hovhannisyan, Robert"]
[Black "Neverov, Valeriy"]
[Result "1/2-1/2"]
[WhiteTitle "GM"]
[BlackTitle "GM"]
[WhiteElo "2610"]
[BlackElo "2494"]
[WhiteFideId "13302507"]
[BlackFideId "14100150"]
[EventDate "2012.10.27"]

1. e4 c5 2. Nf3 d6 3. d4 cxd4 4. Nxd4 Nf6 5. Nc3 a6 6. Be2 e5 7. Nb3 Be7 8. O-O
O-O 9. Be3 Be6 10. Nd5 Nbd7 11. Qd3 Bxd5 12. exd5 Nc5 13. Nxc5 dxc5 14. Bf3 Bd6
15. Bg5 h6 16. Bh4 g6 17. Rae1 Kg7 18. Bd1 Qb6 19. c4 Qxb2 20. Re2 e4 21. Rxb2
exd3 22. Rxb7 Rfb8 23. Rxb8 Rxb8 24. Bb3 g5 25. Bg3 Bxg3 26. hxg3 Re8 27. f3 Nh5
28. Rd1 Nxg3 29. Rxd3 Ne2+ 30. Kf1 Nd4 31. Ba4 Rd8 32. Ra3 Kf6 33. Bd1 Nf5 34.
Rxa6+ Ke5 35. Kf2 Nd6 36. Be2 Kd4 37. g4 Rd7 38. Bf1 Rd8 39. Ra3 Rb8 40. Ra6 Rd8
41. Be2 Rd7 42. Kg3 Ke3 43. Bf1 Kd4 44. Kg2 Rd8 45. Kf2 Rd7 46. Be2 Rd8 47. Ke1
Rd7 48. Kd1 Rd8 49. Ra3 f5 50. Kc2 f4 51. Rb3 Re8 52. Kd2 Ra8 53. a3 Ra7 54. Kc2
h5 55. gxh5 Rh7 56. Rb6 Nxc4 57. Bxc4 Kxc4 58. h6 Kxd5 59. a4 Ra7 60. Rb8 Rh7
61. Rb6 Ra7 62. Kb3 Kd4 63. Re6 c4+ 64. Ka3 Kd3 65. Re1 c3 66. Rd1+ Ke2 67. Rh1
Rh7 68. Rh3 Kf2 69. Kb3 Kg2 70. Rh5 g4 71. fxg4 f3 72. Rf5 Rxh6 73. Kxc3 f2 74.
Kc4 Rh3 75. Rxf2+ Kxf2 76. a5 Ke3 77. a6 Ke4 78. Kc5 Ra3 79. Kb6 Kd5 80. a7 Rxa7 1/2-1/2

[Event "Chigorin Memorial"]
[Site "St Petersburg RUS"]
[Date "2012.11.02"]
[Round "7.7"]
[White "Eljanov, Pavel"]
[Black "Malakhatko, Vadim"]
[Result "1-0"]
[WhiteTitle "GM"]
[BlackTitle "GM"]
[WhiteElo "2681"]
[BlackElo "2558"]
[WhiteFideId "14102951"]
[BlackFideId "14104202"]
[EventDate "2012.10.27"]

1. d4 d5 2. Nf3 a6 3. Bf4 e6 4. e3 c5 5. c3 Nc6 6. Nbd2 Bd6 7. Bg3 Nf6 8. Bd3
O-O 9. Qe2 Re8 10. Ne5 Ne7 11. Ndf3 Rf8 12. dxc5 Bxc5 13. O-O Ng6 14. h3 Bd6 15.
Rad1 Nxe5 16. Bxe5 Bxe5 17. Nxe5 Qc7 18. f4 Nd7 19. Nf3 Nf6 20. g4 Bd7 21. g5
Ne4 22. Bxe4 dxe4 23. Ne5 Bb5 24. c4 f6 25. gxf6 gxf6 26. cxb5 fxe5 27. Qg4+ Kh8
28. Qxe6 exf4 29. Rd7 Qc5 30. Qxe4 Qxe3+ 31. Qxe3 fxe3 32. bxa6 Rg8+ 33. Kh2
Rxa6 34. Rff7 Re8 35. Rxh7+ Kg8 36. Rdg7+ Kf8 37. Rxb7 Kg8 38. a3 Rae6 39. Rbg7+
Kf8 40. Rg1 e2 41. Rh8+ Kf7 42. Rxe8 Kxe8 43. Re1 Kd7 44. Kg2 Re3 45. Kf2 Rxh3
46. Rxe2 Kc6 47. Ke1 Kb5 48. Kd2 Ka4 49. Re4+ Ka5 50. Rd4 Rg3 51. Kc2 Rh3 52. b3
Rh5 53. Kc3 Rc5+ 54. Kb2 1-0

[Event "Chigorin Memorial"]
[Site "St Petersburg RUS"]
[Date "2012.11.02"]
[Round "7.8"]
[White "Grachev, Boris"]
[Black "Rozum, Ivan"]
[Result "1-0"]
[WhiteTitle "GM"]
[BlackTitle "IM"]
[WhiteElo "2672"]
[BlackElo "2498"]
[WhiteFideId "4129199"]
[BlackFideId "24104272"]
[EventDate "2012.10.27"]

1. d4 d5 2. c4 e6 3. Nc3 Be7 4. Bf4 Nf6 5. e3 O-O 6. Nf3 Nbd7 7. Qc2 c5 8. Rd1
Qa5 9. Nd2 cxd4 10. exd4 dxc4 11. Nxc4 Qd8 12. Bd3 Nb6 13. Nxb6 Qxb6 14. O-O Bd7
15. d5 Kh8 16. Qe2 Rfe8 17. Bb1 Bb4 18. d6 e5 19. Bg5 Bxc3 20. Bxf6 gxf6 21. Qh5
e4 22. bxc3 Kg7 23. Rfe1 Re5 24. Qh4 Bf5 25. Bxe4 Bg6 26. Bxg6 Rxe1+ 27. Rxe1
hxg6 28. Rd1 Rd8 29. Qf4 Qb2 30. Qc4 Qc2 31. Qb3 Qe2 32. g3 Rd7 33. Rd4 Qe5 34.
Qd1 Qc5 35. Qd2 Qe5 36. h4 Qf5 37. Kg2 Qe5 38. Qd3 f5 39. Rd5 Qe6 40. Qd4+ Kh7
41. c4 b6 42. a4 Qe8 43. a5 Qc8 44. Kg1 Qd8 45. Qe5 Qc8 46. Rd4 Qc5 47. Qxc5
bxc5 48. Rd5 Kg7 49. f3 Kf6 50. g4 f4 51. h5 gxh5 52. gxh5 Kg7 53. Kg2 f5 54.
Kh3 Kh6 55. Kh4 a6 56. Rxf5 Rxd6 57. Rxc5 1-0

[Event "Chigorin Memorial"]
[Site "St Petersburg RUS"]
[Date "2012.11.02"]
[Round "7.11"]
[White "Bartel, Mateusz"]
[Black "Mozharov, Mikhail"]
[Result "1-0"]
[WhiteTitle "GM"]
[BlackTitle "IM"]
[WhiteElo "2635"]
[BlackElo "2505"]
[WhiteFideId "1112635"]
[BlackFideId "4189825"]
[EventDate "2012.10.27"]

1. d4 Nf6 2. c4 c5 3. d5 e5 4. Nc3 d6 5. g3 Be7 6. Bg2 O-O 7. e4 Ne8 8. Nge2 Nd7
9. Qd3 a6 10. a4 g6 11. Bh6 Ng7 12. h4 Nf6 13. f3 Kh8 14. O-O-O Bd7 15. Kc2 b5
16. axb5 axb5 17. Nxb5 Bxb5 18. cxb5 c4 19. Qd2 Nd7 20. Be3 Qb8 21. Nc3 Nh5 22.
Bh3 Nb6 23. g4 Nf4 24. Bxf4 exf4 25. g5 Kg8 26. h5 Rd8 27. hxg6 hxg6 28. Qxf4
Bf8 29. Be6 fxe6 30. Rh8+ 1-0

[Event "Chigorin Memorial"]
[Site "St Petersburg RUS"]
[Date "2012.11.02"]
[Round "7.12"]
[White "Socko, Bartosz"]
[Black "Atabayev, Maksat"]
[Result "1-0"]
[WhiteTitle "GM"]
[BlackTitle "FM"]
[WhiteElo "2619"]
[BlackElo "2446"]
[WhiteFideId "1107038"]
[BlackFideId "14001101"]
[EventDate "2012.10.27"]

1. d4 Nf6 2. c4 c5 3. d5 e6 4. Nc3 exd5 5. cxd5 d6 6. Nf3 g6 7. Bf4 a6 8. a4 Bg7
9. h3 O-O 10. e3 Qe7 11. Be2 Nbd7 12. O-O Rb8 13. Bh2 Ne8 14. Nd2 f5 15. Nc4 Ne5
16. Nb6 Nc7 17. a5 Bd7 18. Qb3 Be8 19. Rae1 Na8 20. f4 Nd7 21. Nxa8 Rxa8 22. e4
fxe4 23. Bg4 Nf6 24. Nxe4 Nxe4 25. Be6+ Kh8 26. Rxe4 Bb5 27. Rf3 Qf6 28. Rf2 Qd8
29. Qa3 Rb8 30. g4 b6 31. f5 gxf5 32. gxf5 Qg5+ 33. Rg4 Qc1+ 34. Kg2 Rbd8 35.
Bf4 Qe1 36. Bd2 Bf1+ 37. Kg1 Qd1 38. Rxg7 Bxh3+ 39. Kh2 Bxf5 40. Rg5 1-0

[Event "Chigorin Memorial"]
[Site "St Petersburg RUS"]
[Date "2012.11.02"]
[Round "7.13"]
[White "Eliseev, Urii"]
[Black "Lenderman, Aleksandr"]
[Result "0-1"]
[WhiteTitle "IM"]
[BlackTitle "GM"]
[WhiteElo "2486"]
[BlackElo "2614"]
[WhiteFideId "24131920"]
[BlackFideId "2021285"]
[EventDate "2012.10.27"]

1. e4 c6 2. d4 d5 3. exd5 cxd5 4. c4 Nf6 5. Nc3 Nc6 6. Bg5 Be6 7. a3 g6 8. Bxf6
exf6 9. Nf3 Bh6 10. Be2 O-O 11. O-O Qd7 12. Qa4 Rad8 13. Rad1 Qc7 14. Rfe1 a6
15. b4 Ne7 16. c5 g5 17. Nd2 f5 18. Nb3 Ra8 19. Qa5 Qb8 20. Qa4 Rc8 21. Rd3 g4
22. Bd1 Bg5 23. Na5 Qc7 24. Qb3 Re8 25. g3 Kg7 26. f4 Bf6 27. Qa2 Ng6 28. Bb3
Rad8 29. Kf1 h5 30. Ree3 Ne7 31. Qe2 Nc6 32. Nxc6 bxc6 33. a4 Qb7 34. b5 axb5
35. axb5 cxb5 36. Rd1 b4 37. Nb5 Be7 38. Kg1 Rb8 39. Ba4 Qa6 40. Ra1 Bf6 41. Kf1
Re7 42. Nd6 Qxe2+ 43. Rxe2 Bxd4 44. Rc1 b3 45. c6 b2 46. Rb1 Ra7 47. c7 Rxc7 48.
Ne8+ Rxe8 49. Bxe8 Rc1+ 50. Re1 Rxb1 51. Rxb1 Bc3 52. Bb5 d4 53. Bd3 Kf6 54. Ke2
Bd5 55. Rf1 Be4 56. Bb1 Ke7 57. Ba2 f6 58. Bb1 Kd6 59. Bd3 Kc5 0-1

[Event "Chigorin Memorial"]
[Site "St Petersburg RUS"]
[Date "2012.11.02"]
[Round "7.14"]
[White "Popov, Ivan RUS"]
[Black "Socko, Monika"]
[Result "1-0"]
[WhiteTitle "GM"]
[BlackTitle "GM"]
[WhiteElo "2614"]
[BlackElo "2445"]
[WhiteFideId "4170350"]
[BlackFideId "1106619"]
[EventDate "2012.10.27"]

1. Nf3 Nf6 2. g3 d5 3. Bg2 c5 4. O-O Nc6 5. d4 e6 6. c4 dxc4 7. dxc5 Qxd1 8.
Rxd1 Bxc5 9. Nbd2 c3 10. bxc3 O-O 11. Nb3 Be7 12. Nfd4 Nxd4 13. Nxd4 e5 14. Nb3
Rb8 15. Na5 Bg4 16. Kf1 e4 17. Rb1 Be6 18. Bf4 Rbd8 19. Nxb7 Rxd1+ 20. Rxd1 Bxa2
21. Ra1 Bd5 22. Rxa7 Rc8 23. Bh3 Re8 24. Nd6 Bxd6 25. Bxd6 h6 26. Ke1 Be6 27.
Bxe6 Rxe6 28. Bc5 Rc6 29. Bd4 e3 30. f3 Nd5 31. Ra3 h5 32. Kd1 h4 33. Kc2 Rg6
34. Ra5 Ne7 35. gxh4 Rg2 36. Kd3 Rxh2 37. Bxe3 f6 38. h5 Nc6 39. Bf4 Rh1 40. Rc5
Ne7 41. Kd2 Kf7 42. Bd6 Nf5 43. Rxf5 Ke6 44. Rf4 Kxd6 45. Rg4 Rxh5 46. Rxg7 Rd5+
47. Kc2 Re5 48. e4 Rh5 49. Kd3 f5 50. Rg6+ Kc5 51. exf5 Rxf5 52. Ke4 Rf8 53. Re6
Kc4 54. f4 1-0

[Event "Chigorin Memorial"]
[Site "St Petersburg RUS"]
[Date "2012.11.02"]
[Round "7.15"]
[White "Andriasian, Zaven"]
[Black "Airapetian, Gor"]
[Result "1-0"]
[WhiteTitle "GM"]
[BlackTitle "IM"]
[WhiteElo "2604"]
[BlackElo "2435"]
[WhiteFideId "13302000"]
[BlackFideId "4177916"]
[EventDate "2012.10.27"]

1. e4 c6 2. d4 d5 3. e5 Bf5 4. h4 h5 5. c4 e6 6. Nc3 Nd7 7. cxd5 exd5 8. Bd3 Bg4
9. Nge2 Be7 10. f3 Be6 11. g3 g6 12. Nf4 Nf8 13. Be3 Qd7 14. Nxe6 Nxe6 15. Qd2
O-O-O 16. O-O f6 17. Ne2 f5 18. b4 Kb8 19. a4 Bf8 20. Rfc1 Rc8 21. Rc2 Bh6 22.
f4 Ne7 23. Nc1 Rc7 24. Nb3 Nc8 25. Nc5 Qe7 26. b5 Nb6 27. a5 Nc4 28. Bxc4 dxc4
29. b6 Rcc8 30. bxa7+ Ka8 31. Na4 1-0

[Event "Chigorin Memorial"]
[Site "St Petersburg RUS"]
[Date "2012.11.02"]
[Round "7.17"]
[White "Alekseenko, Kirill"]
[Black "Solak, Dragan"]
[Result "1/2-1/2"]
[WhiteTitle "FM"]
[BlackTitle "GM"]
[WhiteElo "2434"]
[BlackElo "2590"]
[WhiteFideId "4135539"]
[BlackFideId "916811"]
[EventDate "2012.10.27"]

1. e4 c6 2. d4 d5 3. e5 Bf5 4. Nf3 e6 5. Be2 Ne7 6. O-O Nd7 7. c3 c5 8. dxc5
Nxc5 9. Nd4 a6 10. Nd2 Bg6 11. N2b3 Nc6 12. f4 Nxb3 13. axb3 Bc5 14. Be3 Qb6 15.
Ra4 O-O 16. Kh1 Be4 17. Bf3 Rfd8 18. Nxc6 bxc6 19. Bxc5 Qxc5 20. Rd4 Bg6 21. Bg4
Qe7 22. Ra4 a5 23. Qd2 Rab8 24. Rfa1 Rxb3 25. Bd1 Rbb8 26. Rxa5 c5 27. Ra7 Rb7
28. Ra8 h6 29. h3 Rdb8 30. b3 Kh7 31. Kh2 Qd8 32. Rxb8 Rxb8 33. Ra6 Rb6 34. Ra4
Rb7 35. Qf2 Qb6 36. h4 Rb8 37. Kg1 Be4 38. Kh2 c4 39. Qxb6 Rxb6 40. Ra3 cxb3 41.
Rxb3 Ra6 42. Rb7 Ra2 43. Rxf7 Rxg2+ 44. Kh3 Rg1 45. Bg4 Rh1+ 46. Kg3 Rg1+ 47.
Kh3 Rh1+ 48. Kg3 Rg1+ 1/2-1/2

[Event "Chigorin Memorial"]
[Site "St Petersburg RUS"]
[Date "2012.11.02"]
[Round "7.18"]
[White "Malakhov, Igor"]
[Black "Burmakin, Vladimir"]
[Result "1/2-1/2"]
[WhiteTitle "FM"]
[BlackTitle "GM"]
[WhiteElo "2429"]
[BlackElo "2579"]
[WhiteFideId "4183088"]
[BlackFideId "4105109"]
[EventDate "2012.10.27"]

1. e4 c6 2. Nc3 g6 3. d4 Bg7 4. Nf3 d5 5. Bd3 Bg4 6. Be3 dxe4 7. Nxe4 Nf6 8. h3
Bxf3 9. Qxf3 Nxe4 10. Qxe4 Nd7 11. O-O-O Nf6 12. Qh4 Qd5 13. c4 Qa5 14. Kb1 O-O
15. Rhe1 Rfe8 16. Bd2 Qa4 17. Bc3 b5 18. b3 Qa6 19. Bb2 bxc4 20. Bxc4 Qb7 21.
Qg5 Nd5 22. Bxd5 cxd5 23. Rc1 Bf6 24. Qf4 a5 25. Qc7 Qa6 26. Qc6 a4 27. Qxa6
Rxa6 28. Rc5 axb3 29. axb3 Rb8 30. Re3 e6 31. Rc7 g5 32. Rf3 Kg7 33. Rg3 Kf8 34.
Rf3 Kg7 35. Rg3 h6 36. Rf3 Kg6 37. Kc2 Ra2 38. Kb1 Ra6 39. Kc2 Rab6 40. Ba3 Ra6
41. Bb2 1/2-1/2

[Event "Chigorin Memorial"]
[Site "St Petersburg RUS"]
[Date "2012.11.02"]
[Round "7.19"]
[White "Tilicheev, Viacheslav"]
[Black "Grigoriants, Sergey"]
[Result "1/2-1/2"]
[WhiteTitle "FM"]
[BlackTitle "GM"]
[WhiteElo "2397"]
[BlackElo "2578"]
[WhiteFideId "24114928"]
[BlackFideId "4130804"]
[EventDate "2012.10.27"]

1. d4 Nf6 2. c4 g6 3. Nc3 d5 4. Nf3 Bg7 5. e3 O-O 6. cxd5 Nxd5 7. Bc4 Nb6 8. Bb3
Nc6 9. O-O e5 10. d5 Na5 11. Bc2 c6 12. d6 Bg4 13. h3 Bxf3 14. Qxf3 Qxd6 15. b3
Qe7 16. Ne4 Nd5 17. Bd2 b6 18. Ng3 Nb4 19. Qe4 c5 20. Bxb4 cxb4 21. Rad1 f5 22.
Qd5+ Kh8 23. Qb5 Rad8 24. Rxd8 Rxd8 25. Rd1 Rxd1+ 26. Bxd1 e4 27. Be2 Be5 28.
Nf1 Bc3 29. Qd5 Nb7 30. Nd2 Nd6 31. Nc4 Ne8 32. g4 fxg4 33. Bxg4 Nf6 34. Qe6
Qxe6 35. Bxe6 Kg7 36. Nd6 Be5 37. Nc8 Bb8 38. Ne7 Bd6 39. Nc8 Bb8 40. Ne7 Bd6
41. Nc8 1/2-1/2

[Event "Chigorin Memorial"]
[Site "St Petersburg RUS"]
[Date "2012.11.02"]
[Round "7.20"]
[White "Belyakov, Bogdan"]
[Black "Epishin, Vladimir"]
[Result "1-0"]
[WhiteTitle "FM"]
[BlackTitle "GM"]
[WhiteElo "2388"]
[BlackElo "2574"]
[WhiteFideId "24104795"]
[BlackFideId "4162714"]
[EventDate "2012.10.27"]

1. e4 c6 2. d4 d5 3. Nc3 g6 4. Nf3 Bg7 5. Bf4 Bg4 6. exd5 cxd5 7. h3 Bxf3 8.
Qxf3 Nf6 9. Nb5 Na6 10. c3 Qd7 11. Bd3 O-O 12. O-O Rfc8 13. a4 Nb8 14. Bxb8
Rcxb8 15. Na3 e6 16. Nc2 Qc7 17. Ne3 Rd8 18. Rfe1 Rac8 19. Ng4 Ne8 20. h4 f5 21.
Ne5 Nf6 22. Bf1 Ne4 23. Nd3 Bf6 24. g3 Kh8 25. Qf4 Qf7 26. Bg2 Rg8 27. a5 Rce8
28. Ra4 Re7 29. Rb4 g5 30. hxg5 Bxg5 31. Qe5+ Bf6 32. Qf4 h5 33. Kf1 Qf8 34. Bf3
h4 35. gxh4 Qg7 36. Ke2 Qh7 37. Ne5 Reg7 38. h5 Bxe5 39. Qxe5 Qh6 40. Bxe4 dxe4
41. Rxb7 Qxh5+ 42. Kd2 Qh6+ 43. Kc2 Qh4 44. Kb3 Kh7 45. a6 Qh6 46. Ka2 Re8 47.
Rg1 Ree7 1-0

[Event "Chigorin Memorial"]
[Site "St Petersburg RUS"]
[Date "2012.11.02"]
[Round "7.21"]
[White "Zenzera, Alexey"]
[Black "Grigoryan, Avetik"]
[Result "1/2-1/2"]
[BlackTitle "GM"]
[WhiteElo "2361"]
[BlackElo "2572"]
[WhiteFideId "4102665"]
[BlackFideId "13302191"]
[EventDate "2012.10.27"]

1. d4 e6 2. Nf3 Nf6 3. g3 b5 4. a4 b4 5. Bg2 Bb7 6. O-O c5 7. c4 cxd4 8. Nxd4
Bxg2 9. Kxg2 Qc8 10. b3 Be7 11. Nd2 O-O 12. Bb2 Qb7+ 13. Kg1 Na6 14. Qc2 Nc5 15.
Rfe1 d5 16. cxd5 Nxd5 17. Nc4 Rac8 18. Rac1 Nb6 19. Nxb6 axb6 20. Qb1 Ne4 21.
Nc6 Rxc6 22. Qxe4 Rxc1 23. Qxb7 Rxe1+ 24. Kg2 Bc5 25. Qe4 Rd8 26. e3 Rd5 27. Qg4
Bf8 28. Bd4 h5 29. Qe4 Bc5 30. Bxc5 bxc5 31. Qc4 Ra1 32. e4 Rd2 33. Qxc5 Raa2
34. a5 Rdb2 35. a6 Rxb3 36. Qxh5 Rbb2 37. Qc5 Rc2 38. Qb6 b3 39. Qd8+ Kh7 40.
Qh4+ Kg6 41. Qg4+ Kf6 42. Qf4+ Kg6 1/2-1/2

[Event "Chigorin Memorial"]
[Site "St Petersburg RUS"]
[Date "2012.11.02"]
[Round "7.22"]
[White "Tologontegin, Semetey"]
[Black "Lintchevski, Daniil"]
[Result "1/2-1/2"]
[WhiteTitle "FM"]
[BlackTitle "GM"]
[WhiteElo "2338"]
[BlackElo "2562"]
[WhiteFideId "13800574"]
[BlackFideId "4171055"]
[EventDate "2012.10.27"]

1. e4 c6 2. d4 d5 3. e5 Bf5 4. Nf3 e6 5. Be2 h6 6. O-O Ne7 7. Nbd2 Nd7 8. Nb3
Bh7 9. a4 Rc8 10. c3 Ng6 11. a5 a6 12. Be3 Be7 13. g3 O-O 14. c4 dxc4 15. Bxc4
c5 16. Qe2 cxd4 17. Bxd4 Bb4 18. Bd3 Qe7 19. Rac1 Rfe8 20. Be4 Nb8 21. Qe3 Nf8
22. Bc5 Bxc5 23. Nxc5 Bxe4 24. Nxe4 Rxc1 25. Rxc1 Nc6 26. Qb6 Nd7 27. Qxb7 Ndxe5
28. Qxe7 Nxf3+ 29. Kg2 Ne1+ 30. Kf1 Nxe7 31. Kxe1 Rb8 32. Rc7 Nd5 33. Ra7 Rxb2
34. Rxa6 Ra2 35. Nd6 Nb4 36. Ra8+ Kh7 37. Kf1 Kg6 38. Ra7 Nc6 39. Rc7 Ne5 40. f4
Ng4 41. h3 Nh2+ 42. Kg1 Nf3+ 43. Kf1 Rxa5 44. Nxf7 Ra2 45. Nd6 Nh2+ 46. Kg1 Nf3+
47. Kf1 Nh2+ 48. Kg1 Nf3+ 49. Kf1 Nd2+ 50. Kg1 Nf3+ 51. Kf1 Nd2+ 1/2-1/2

[Event "Chigorin Memorial"]
[Site "St Petersburg RUS"]
[Date "2012.11.02"]
[Round "7.26"]
[White "Khismatullin, Denis"]
[Black "Mammadov, Zaur"]
[Result "1-0"]
[WhiteTitle "GM"]
[BlackTitle "IM"]
[WhiteElo "2638"]
[BlackElo "2442"]
[WhiteFideId "4142578"]
[BlackFideId "13401033"]
[EventDate "2012.10.27"]

1. d4 d5 2. c4 c6 3. Nc3 Nf6 4. e3 g6 5. Nf3 Bg7 6. Bd3 O-O 7. O-O dxc4 8. Bxc4
Bg4 9. h3 Bxf3 10. Qxf3 Nbd7 11. Rd1 e5 12. d5 Qc7 13. e4 Rad8 14. Be3 Qa5 15.
a3 c5 16. d6 Kh8 17. Bg5 Rb8 18. Bb5 h6 19. Bh4 Kg8 20. Bxd7 Nxd7 21. Nd5 c4 22.
a4 f5 23. exf5 gxf5 24. Ne7+ Kh7 25. Qh5 e4 26. Rd5 Qb6 27. Qg6+ Kh8 28. Rb5 Qd4
29. Nxf5 Rxf5 30. Qxf5 a6 31. Rd5 Qxb2 32. Rf1 Nb6 33. Rdd1 1-0

[Event "Chigorin Memorial"]
[Site "St Petersburg RUS"]
[Date "2012.11.02"]
[Round "7.27"]
[White "Timofeev, Artyom"]
[Black "Sipila, Vilka"]
[Result "1-0"]
[WhiteTitle "GM"]
[BlackTitle "FM"]
[WhiteElo "2631"]
[BlackElo "2430"]
[WhiteFideId "4140419"]
[BlackFideId "505455"]
[EventDate "2012.10.27"]

1. d4 d5 2. c4 dxc4 3. Nf3 Nf6 4. e3 e6 5. Bxc4 c5 6. O-O a6 7. b3 cxd4 8. Nxd4
Bd6 9. Bb2 Qe7 10. Nd2 O-O 11. Bd3 Rd8 12. Qc2 g6 13. Nc4 Bc7 14. f4 Nd5 15. Be4
b5 16. Ba3 Qd7 17. Bxd5 Qxd5 18. Ne5 Bxe5 19. fxe5 Bb7 20. Rad1 Nd7 21. Nf5 exf5
22. Rxd5 Bxd5 23. e6 fxe6 24. Qd2 Ne5 25. Qc3 Nf7 26. Qf6 a5 27. h4 Be4 28. Rc1
Rac8 29. Rxc8 Rxc8 30. Qxe6 Rd8 31. Bb2 Kf8 32. Bd4 a4 33. Qb6 axb3 34. axb3 Bd3
35. Kh2 Rd5 36. Bf6 1-0

[Event "Chigorin Memorial"]
[Site "St Petersburg RUS"]
[Date "2012.11.02"]
[Round "7.28"]
[White "Vlasenko, Miroslav"]
[Black "Lysyj, Igor"]
[Result "0-1"]
[WhiteTitle "IM"]
[BlackTitle "GM"]
[WhiteElo "2400"]
[BlackElo "2628"]
[WhiteFideId "4151887"]
[BlackFideId "4150120"]
[EventDate "2012.10.27"]

1. d4 d5 2. Nf3 Nf6 3. e3 g6 4. Nbd2 Bg7 5. Bd3 O-O 6. b3 c5 7. O-O cxd4 8. exd4
Nc6 9. c3 b6 10. Re1 Bb7 11. Bb2 Qc7 12. Rc1 Rad8 13. Qe2 e6 14. Ba3 Rfe8 15.
Ne5 Nd7 16. f4 Rc8 17. Ndf3 f6 18. Nxg6 hxg6 19. Bxg6 Qxf4 20. Rcd1 Nf8 21. Bc1
Qg4 22. Bf7+ Kh8 23. h3 Qf5 24. Ng5 fxg5 25. Bxe8 Qh7 26. Bh5 Ne7 27. Bxg5 Nf5
28. Qf3 Nd6 29. Bf6 Ne4 30. Bxg7+ Qxg7 31. Re3 Nh7 32. Bg4 Rf8 33. Qe2 Rf2 34.
Qb5 Nhf6 35. Rf1 Rxa2 36. Rxf6 Nxf6 37. Rxe6 Ra1+ 38. Kh2 Qg5 39. Qe2 Nxg4+ 40.
Qxg4 Qxg4 41. hxg4 Kg8 42. Re7 Bc6 43. c4 dxc4 44. bxc4 Kf8 45. Rc7 Be8 46. Kg3
a5 47. Kf4 a4 48. Ke5 a3 49. Ra7 a2 50. Kd6 b5 51. c5 b4 52. c6 Bxc6 0-1